000 00304 a2200121 4500
001 63291
040 _cAnchieta - Pituba
240 1 0 _a1ª Avaliação de Geografia, II unidade
_lpor
245 1 0 _a1ª Avaliação de Geografia, II unidade
362 0 _a2017
650 4 _aGeografia e História
942 _cBK
999 _c63291
_d63291